Lời cúng thần của dân tộc Ê Đê

সংরক্ষণ করুন:
গ্রন্থ-পঞ্জীর বিবরন
প্রধান লেখক: Trương, Bi
বিন্যাস: গ্রন্থ
ভাষা:Vietnamese
প্রকাশিত: Hà Nội Đại học Quốc gia Hà Nội 2011
বিষয়গুলি:
ট্যাগগুলো: ট্যাগ যুক্ত করুন
কোনো ট্যাগ নেই, প্রথমজন হিসাবে ট্যাগ করুন!
Thư viện lưu trữ: Trung tâm Học liệu Lê Vũ Hùng, Trường Đại học Đồng Tháp
LEADER 00842pam a22002538a 4500
001 00026797
005 20171026081023.0
008 110829s2011 ||||||viesd
041 0 # |a vie 
082 1 4 |a 390.095 97  |b L462C 
100 1 # |a Trương, Bi 
245 1 0 |a Lời cúng thần của dân tộc Ê Đê  |c Trương Bi 
260 # # |a Hà Nội  |b Đại học Quốc gia Hà Nội  |c 2011 
300 # # |a 241 tr.  |c 21 cm. 
500 # # |a ĐTTS ghi: Hội văn nghệ dân gian Việt Nam 
650 # 4 |a Dân tộc Ê Đê 
650 # 4 |a Văn khẩn 
650 # 4 |a Tín ngưỡng 
650 # 4 |a Phong tục 
650 # 4 |a Thờ cúng 
852 # # |j KD.0011401 
852 # # |b Kho đọc  |j KD.0011401 
910 |d 29/08/2011 
980 # # |a Trung tâm Học liệu Lê Vũ Hùng, Trường Đại học Đồng Tháp